Statistics for Countries by Partial Flag Images #1

Click here to take the quiz!

General Stats

  • This quiz has been taken 18,213 times
    (18,178 since last reset)
  • The average score is 12 of 16

Answer Stats

Answer % Correct
Canada
100%
United States
98%
Israel
97%
South Africa
95%
Greece
94%
Turkey
93%
Belgium
91%
Sweden
80%
Uruguay
78%
Cuba
78%
Venezuela
76%
Qatar
72%
Malta
54%
Papua New Guinea
51%
Serbia
44%
Uganda
44%

Score Distribution

Percentile by Number Answered

Percent of People with Each Score

Your Score History

You have not taken this quiz since the last reset